000 00916nas a2200289 4500
001 BR2014000654
003 BR-BrBNA
005 20231205123655.0
007 ta
008 230509b bl.|||p| |||| 00| 00por d
040 _aBR-BrBNA
_bpor
_cBiblioteca Nacional de Agricultura
041 _a(En)
072 _aL10
100 1 _aCastilho, C.C.D.
100 1 _aSantos, T.T.
100 1 _aRodrigues, C.A.F.
100 1 _aTorres Filho, R.A.
245 1 _aEffects of sex and genotype on performance and yield characteristics of free range broiler chickens
650 _aFRANGO DE CORTE
650 _aGENÓTIPO
650 _aGANHO DE PESO
650 _aRENDIMENTO
650 _aPERFORMANCE
773 0 _tArquivo Brasileiro de Medicina Veterinária e Zootecnia (Brazil)
_xISSN 0102-0935
_g(Oct 2013), v. 65(5) p. 1483-1490
_wBR2014000654
909 _a202311
_bLúcia
_c55
_dLúcia Elande
942 _2AGRIS
_n0
_cANA
999 _c235105
_d235105